| 000 | 00480nam a2200145Ia 4500 | ||
|---|---|---|---|
| 041 | _aArabic | ||
| 082 | _a341,242 cut-599 ب | ||
| 100 | _a20260118u\\\\\\\\\\\y0engy0103\\\\ba | ||
| 100 | _aد.عبدالرؤوف هاشم بسيونى | ||
| 245 | 0 | _aالمفوضية الاوروبية الحكومة المركزية للاتحاد الاوروبي | |
| 250 | _aط1 | ||
| 260 |
_bدار الفكر الجامعي _aالاسكندرية _c2008 |
||
| 300 | _a257 | ||
| 942 | _cBk | ||
| 999 |
_c188184 _d188184 |
||